[Event "Challenge"]
[Site "http://www.queenalice.com/game.php?id=243766"]
[Date "2007.7.22"]
[Round "-"]
[White "gffalcao"]
[Black "karamazowii"]
[Result "0-1"]
[WhiteElo "1013"]
[BlackElo "1577"]

1. c3 d5 2. Qc2 e5 3. Na3 Nf6 4. Qb1 Bc5 5. Qd3 O-O 6. h4 e4 7. Qc2 c6 8. Rh3
Bxh3 9. Nxh3 Ng4 10. Qd1 Qf6 11. d4 exd3 12. Qxd3 Nxf2 13. Nxf2 Qxf2+ 14. Kd2
Qxf1 15. Qf3 Qxf3 16. exf3 f5 17. Kc2 Re8 18. Bd2 Re2 19. Re1 Rxe1 20. Bxe1 Bxa3
21. bxa3 Nd7 22. Bg3 h5 23. a4 a5 24. f4 Nb6 25. Bf2 Nxa4 26. Bd4 b5 27. Bb6
Nxb6 28. Kd3 Kf7 29. a3 Nc4 30. Ke2 Nxa3 31. Ke3 b4 32. Kd4 b3 33. Kd3 b2 34.
Kd2 b1=Q 35. Ke3 Re8+ 36. Kf3 Qe4+ 37. Kg3 Qd3+ 38. Kh2 Qf1 39. g4 Re2+ 40. Kg3
Qg2# 0-1

[Event "AUTO-BEG-121"]
[Site "http://www.queenalice.com/game.php?id=243953"]
[Date "2007.7.22"]
[Round "1"]
[White "panderson1988"]
[Black "gffalcao"]
[Result "1-0"]
[WhiteElo "1464"]
[BlackElo "931"]

1. e4 e5 2. Nf3 Qf6 3. Nc3 Qh6 4. Nxe5 Nf6 5. Bc4 Nc6 6. Nxf7 Nh5 7. Nxh6 gxh6
8. Qxh5+ Kd8 9. d3 Bb4 10. Bxh6 Nd4 11. O-O d6 12. Bg5+ 1-0

[Event "AUTO-BEG-121"]
[Site "http://www.queenalice.com/game.php?id=243954"]
[Date "2007.7.22"]
[Round "1"]
[White "gffalcao"]
[Black "panderson1988"]
[Result "0-1"]
[WhiteElo "931"]
[BlackElo "1464"]

1. e4 e5 2. Qf3 Nf6 3. Qb3 Nxe4 4. Qe3 d5 5. Qb3 c6 6. Bd3 Nf6 7. Nh3 Be6 8. Ng1
b6 9. Nf3 Nbd7 10. Ba6 Bd6 11. a3 Nc5 0-1

[Event "Challenge"]
[Site "http://www.queenalice.com/game.php?id=244157"]
[Date "2007.7.23"]
[Round "-"]
[White "gffalcao"]
[Black "TheTruth"]
[Result "0-1"]
[WhiteElo "1013"]
[BlackElo "1726"]

1. e3 e5 2. Bb5 a6 3. Be2 d5 4. Nf3 Bd6 5. Na3 e4 6. Nd4 c5 7. Nab5 cxd4 8. exd4
Nf6 9. Bh5 axb5 10. b4 Bxb4 11. g4 Nxh5 12. Rb1 Nf4 13. Rg1 Nc6 14. g5 Nxd4 15.
Rxb4 Qb6 16. Rg4 Bxg4 17. Qxg4 Nxc2+ 18. Kd1 Nxb4 19. Qxf4 O-O 20. Ba3 Rxa3 21.
f3 Qf2 22. fxe4 Qxf4 23. exd5 Rxa2 24. d6 Qf1# 0-1

[Event "Challenge"]
[Site "http://www.queenalice.com/game.php?id=253811"]
[Date "2007.8.10"]
[Round "-"]
[White "gffalcao"]
[Black "mladen"]
[Result "0-1"]
[WhiteElo "969"]
[BlackElo "1909"]

1. g3 d5 2. e3 Nf6 3. Bh3 c5 4. Nf3 Bxh3 5. Nc3 Nc6 6. d3 e6 7. e4 dxe4 8. dxe4
Qxd1+ 9. Kxd1 Bg2 10. Rg1 Bxf3+ 11. Ke1 Nxe4 12. Nxe4 Bxe4 13. Be3 Be7 14. Rd1
Ne5 15. Ke2 Bf3+ 16. Kf1 Bxd1 17. Kg2 Bxc2 18. Rc1 Be4+ 19. Kf1 b6 20. a3 Ng4
21. Bf4 Nxh2+ 22. Kg1 Nf3+ 23. Kh1 Nd4+ 24. Kg1 Ne2+ 25. Kf1 Nxc1 26. b4 Nd3 27.
Bc7 cxb4 28. a4 Rc8 29. Kg1 Rxc7 30. f3 Bxf3 0-1

[Event "Challenge"]
[Site "http://www.queenalice.com/game.php?id=254274"]
[Date "2007.8.11"]
[Round "-"]
[White "gffalcao"]
[Black "JCJ"]
[Result "0-1"]
[WhiteElo "1013"]
[BlackElo "1309"]

1. g3 e5 2. e3 d5 3. c3 Nf6 4. a3 Nc6 5. Nf3 Bc5 6. Bh3 Bxh3 7. Rg1 O-O 8. Nh4
Ng4 9. Qxg4 Bxg4 10. h3 Bxh3 11. Rh1 Bg4 0-1